[Event "Wuertemberg-ch Seniors 27th"]
[Site "Freudenstadt"]
[Date "2015.07.10"]
[Round "8"]
[White "Reichstein, Hans Joerg"]
[Black "Weenink, Henk"]
[Result "1/2-1/2"]
[WhiteElo "2080"]
[BlackElo "2161"]
[PlyCount "110"]
[EventDate "2015.07.03"]
[EventType "swiss"]
[EventRounds "9"]
[EventCountry "GER"]
[SourceTitle "EXT 2016"]
[Source "ChessBase"]
[SourceDate "2015.10.08"]
[SourceVersion "1"]
[SourceVersionDate "2015.10.08"]
[SourceQuality "1"]

1. e4 e6 2. d4 d5 3. Nd2 c5 4. c3 cxd4 5. cxd4 Nc6 6. Ngf3 Nf6 7. e5 Ne4 8. Bd3 Nxd2 9. Bxd2 Nb4 10. Bb1 Bd7 11. 0-0 Qb6 12. Re1 Nc6 13. Bc1 Bb4 14. Re2 Rc8 15. Be3 Be7 16. h4 h6 17. h5 Na5 18. b3 Bb5 19. Rc2 Kd7 20. Bd2 Nc6 21. Bc3 Nb4 22. Rc1 Qa6 23. Qd2 Be2 24. Re1 Bxf3 25. Bxb4 Bxh5 26. Bxe7 Kxe7 27. Bd3 Qb6 28. Qf4 Bg6 29. Re3 Bxd3 30. Rxd3 Qc7 31. Rg3 Rhg8 32. Rf3 Ke8 33. Kh2 Qe7 34. Rc1 Rc6 35. Rfc3 Kd7 36. Rxc6 bxc6 37. Rc5 g5 38. Qd2 Rc8 39. Qc1 f6 40. b4 fxe5 41. dxe5 Qf7 42. Kg1 Qf4 43. Qc2 Qxe5 44. b5 Qd6 45. Qh7+ Ke8 46. Qxa7 d4 47. Rxc6 Rxc6 48. bxc6 d3 49. Qa8+ Kf7 50. Qb7+ Kf6 51. c7 d2 52. Qf3+ Kg7 53. c8Q d1Q+ 54. Qxd1 Qxd1+ 55. Kh2 Qh5+ 1/2-1/2

[Event "Wuertemberg-ch Seniors 27th"]
[Site "Freudenstadt"]
[Date "2015.07.07"]
[Round "5"]
[White "Weenink, Henk"]
[Black "Grigat, Klaus Dieter"]
[Result "1/2-1/2"]
[WhiteElo "2161"]
[BlackElo "1944"]
[PlyCount "67"]
[EventDate "2015.07.03"]
[EventType "swiss"]
[EventRounds "9"]
[EventCountry "GER"]
[SourceTitle "EXT 2016"]
[Source "ChessBase"]
[SourceDate "2015.10.08"]
[SourceVersion "1"]
[SourceVersionDate "2015.10.08"]
[SourceQuality "1"]

1. e4 g6 2. d4 Bg7 3. Be2 d6 4. Nc3 c6 5. Be3 Nf6 6. h4 h5 7. Nh3 Ng4 8. Qd2 Nxe3 9. Qxe3 Bxh3 10. Rxh3 Qb6 11. Rd1 Nd7 12. b3 e5 13. d5 Qxe3 14. Rxe3 c5 15. a4 a6 16. Rh3 Bf6 17. Nb1 Bd8 18. Nd2 Nf6 19. c3 Ke7 20. Kf1 Bc7 21. Bd3 Rhb8 22. Ra1 Ba5 23. Bc2 Bd8 24. Ke2 b5 25. Rhh1 b4 26. c4 Bc7 27. Raf1 Rg8 28. Nf3 Nh7 29. Rfg1 Raf8 30. Ng5 Nxg5 31. hxg5 Rh8 32. g3 f6 33. gxf6+ Rxf6 34. f3 1/2-1/2

[Event "Wuerttemberg-ch Seniors op 26th"]
[Site "Freudenstadt"]
[Date "2014.07.17"]
[Round "2"]
[White "Macher, Claus"]
[Black "Weenink, Henk"]
[Result "0-1"]
[WhiteElo "2047"]
[BlackElo "2185"]
[PlyCount "29"]
[EventDate "2014.07.16"]
[EventType "swiss"]
[EventRounds "9"]
[EventCountry "GER"]
[SourceTitle "EXT 2019"]
[Source "ChessBase"]
[SourceDate "2018.10.10"]
[SourceVersion "1"]
[SourceVersionDate "2018.10.10"]
[SourceQuality "1"]

1. d4 d5 2. c4 c6 3. Nf3 Nf6 4. Nc3 dxc4 5. a4 Bf5 6. Ne5 Na6 7. f3 Nd7 8. Nxc4 e5 9. e4 exd4 10. Qxd4 Nb4 11. Qd1 Be6 12. Be3 Nc5 13. Bxc5 Bxc5 14. b3 Qe7 15. Qe2 0-1

[Event "Rhoen/Bad Bocklet Seniors op-A 5th"]
[Site "Bad Bocklet"]
[Date "2004.11.25"]
[Round "8"]
[White "Geisler, Reinhard"]
[Black "Weenink, Henk"]
[Result "0-1"]
[WhiteElo "1920"]
[BlackElo "2081"]
[PlyCount "48"]
[EventDate "2004.07.09"]
[EventType "swiss"]
[EventRounds "9"]
[EventCountry "GER"]
[SourceTitle "EXT 2006"]
[Source "ChessBase"]
[SourceDate "2005.11.24"]
[SourceVersion "1"]
[SourceVersionDate "2005.11.24"]
[SourceQuality "1"]

1. d4 d5 2. Nf3 Nf6 3. e3 g6 4. c4 Bg7 5. Nc3 0-0 6. b4 a5 7. b5 c5 8. bxc6 Nxc6 9. Be2 Re8 10. Qb3 Bf5 11. Ba3 a4 12. Qd1 e5 13. 0-0 exd4 14. exd4 dxc4 15. Bxc4 Ne4 16. Nb5 Qd7 17. Rc1 Bh6 18. Rc2 Rad8 19. Bd3 Bg4 20. Bxe4 Rxe4 21. Qd3 Ree8 22. Bc1 Bxf3 23. gxf3 Ne5 24. Qc3 Bxc1 0-1

[Event "Rhoen/Bad Bocklet Seniors op-A 5th"]
[Site "Bad Bocklet"]
[Date "2004.11.23"]
[Round "6"]
[White "Ljubarskij, Jurij"]
[Black "Weenink, Henk"]
[Result "1-0"]
[WhiteElo "2229"]
[BlackElo "2081"]
[PlyCount "61"]
[EventDate "2004.07.09"]
[EventType "swiss"]
[EventRounds "9"]
[EventCountry "GER"]
[SourceTitle "EXT 2006"]
[Source "ChessBase"]
[SourceDate "2005.11.24"]
[SourceVersion "1"]
[SourceVersionDate "2005.11.24"]
[SourceQuality "1"]

1. e4 e6 2. d4 d5 3. e5 c5 4. c3 Nc6 5. Nf3 Bd7 6. Be2 f6 7. 0-0 Qc7 8. Bf4 0-0-0 9. Bg3 Qb6 10. dxc5 Qxb2 11. Nbd2 f5 12. Nb3 Qa3 13. Nfd4 a6 14. Qd2 h6 15. f4 g5 16. Kh1 Nge7 17. Rab1 Ng6 18. Nxc6 Bxc6 19. Nd4 Bxc5 20. Nxe6 gxf4 21. Nxd8 Be3 22. Qd3 Kxd8 23. Qxf5 Ne7 24. Bh4 Kc7 25. Qf6 f3 26. Bxf3 Rh7 27. e6 Bc5 28. Rb3 Qxa2 29. Bg3+ Bd6 30. Bxd6+ Kxd6 31. Qf4+ 1-0

[Event "Rhoen/Bad Bocklet Seniors op-A 5th"]
[Site "Bad Bocklet"]
[Date "2004.11.21"]
[Round "4"]
[White "Weenink, Henk"]
[Black "Fels, Karl Heinz"]
[Result "1/2-1/2"]
[WhiteElo "2081"]
[BlackElo "1819"]
[PlyCount "56"]
[EventDate "2004.07.09"]
[EventType "swiss"]
[EventRounds "9"]
[EventCountry "GER"]
[SourceTitle "EXT 2006"]
[Source "ChessBase"]
[SourceDate "2005.11.24"]
[SourceVersion "1"]
[SourceVersionDate "2005.11.24"]
[SourceQuality "1"]

1. e4 e5 2. Nf3 Nc6 3. Bc4 Nf6 4. d4 exd4 5. 0-0 Nxe4 6. Re1 d5 7. Bxd5 Qxd5 8. Nc3 Qa5 9. Nxe4 Be6 10. Neg5 Qf5 11. Nxe6 fxe6 12. Nxd4 Nxd4 13. Qxd4 Bc5 14. Qa4+ c6 15. Be3 Bxe3 16. Rxe3 0-0 17. Re2 b5 18. Qb3 Rae8 19. Rd1 a5 20. Rd7 Rf7 21. Rxf7 Kxf7 22. Rd2 Qf4 23. Rd1 Rd8 24. Re1 Rd6 25. g3 Qd4 26. Qf3+ Ke7 27. Qf5 Qxb2 28. Qxh7 Qf6 1/2-1/2